000 01958nam a2200517 c 4500
001 53364
003 ES-MaCES
005 20251115040006.0
008 241014s2024 sp | 000 | spa d
017 _aGR 426-2024
_bDL
020 _a9788413696652
040 _aES-MaCES
_bspa
_cES-MaCES
245 0 4 _aLas nuevas formas de trabajo
_b: retos y oportunidades para la laboralización de las prestaciones profesionales
_cJosé Luis Monereo Pérez y Salvador Perán Quesada (dirs.) ; José Luis Ruiz Santamaría y Alejandro Muros Polo (coords.)
260 _aGranada
_bComares
_c2024
300 _aXIV, 529 p.
_c24 cm
490 1 _aBiblioteca Comares de ciencia jurídica
490 1 _aColección Trabajo y Seguridad Social
_v152
504 _aBibliografía
541 _cCompra
650 4 _anuevas tecnologías
_930788
650 4 _atecnología de la información
_930104
650 4 _aautomatización
_928248
650 4 _aeconomía colaborativa
_937923
650 4 _ateletrabajo
_929568
650 4 _atrabajador
_928414
650 4 _atrabajador independiente
_928412
650 4 _atrabajo a cuenta propia
_930170
650 4 _aempleo estacional
_930460
650 4 _aempleo temporal
_929000
650 4 _acontrato de aprendizaje
_929927
650 4 _arelaciones laborales
_928369
650 4 _anegociación colectiva
_928362
650 4 _acondiciones de trabajo
_928327
650 4 _aderechos de los trabajadores
_929924
650 4 _aderecho del trabajo
_927165
650 4 _aEspaña
_926964
650 4 _arégimen jurídico
_929894
653 1 0 _aRelaciones laborales-Empleo
700 1 _918830
_aMonereo Pérez, José Luis
_edir.
700 1 _940077
_aRuiz Santamaría, José Luis
_ecol.
700 1 _940942
_aMuros Polo, Alejandro
_ecol.
830 0 _aBiblioteca Comares de ciencia jurídica
_932174
830 0 _aColección Trabajo y Seguridad Social
_v152
_933762
902 _aLIB Libro
942 _2CES
_cBK
_h2.0.
999 _c53364
_d53364